000 00680nam a2200229Ia 4500
005 20250508163729.0
008 008 250505s9999 xx 000 0 eng d
020 _a1-85396-364-X
037 _aReference
040 _aFEDL
_beng
_cFEDL
041 _aeng
_2eng
084 _a370.7, MCI
_qFEDL
100 _aMcIntyre Donald Ed.
_9776140
245 0 _aTeacher education research in a new context: The oxford internship scheme
260 _aLondon, UK
_bPaul Chapman Publishing
_c1997
300 _aviii,206p
365 _aGBP
_b16.95
490 _aNew BERA dialogues
650 _aTeacher education
942 _cREF
_h370.7, MCI
999 _c1384936
_d1384936